000 01229cam a2200301 a 4500
999 _c128686
_d128686
001 4491848
003 ARRUPE
005 20181130114854.0
008 971211s1998 nyu 000 0 eng
010 _a 97047743
020 _a0824517377
040 _aDLC
_cDLC
_dDLC
041 1 _aeng
_hpor
050 0 0 _aBX2182.2
_b.D389 2000
082 0 0 _a248.4/82
_221
100 1 _aDe Mello, Anthony,
_d1931-1987.
_943726
245 1 0 _aWalking on water /
_cAnthony De Mello ; edited by Gabriel Galache.
_breaching God in our time
260 _aDublin :
_bThe Columbia Press.,
_c2000.
300 _a112 p. ;
_c22 cm.
650 _aMeditations
_943727
856 4 2 _3Contributor biographical information
_uhttp://www.loc.gov/catdir/enhancements/fy0839/97047743-b.html
856 4 2 _3Publisher description
_uhttp://www.loc.gov/catdir/enhancements/fy0839/97047743-d.html
906 _a7
_bcbc
_corignew
_d1
_eocip
_f19
_gy-gencatlg
942 _2lcc
_cMONOGRAPH